Software reliability modeling and identification. Vol 341 (Record no. 306)

MARC details
000 -LEADER
fixed length control field 00415nam a2200145Ia 4500
008 - FIXED-LENGTH DATA ELEMENTS--GENERAL INFORMATION
fixed length control field 130318s9999 xx 000 0 und d
020 ## - INTERNATIONAL STANDARD BOOK NUMBER
International Standard Book Number 3540506950
082 ## - DEWEY DECIMAL CLASSIFICATION NUMBER
Classification number 005 BIT/S
100 ## - MAIN ENTRY--PERSONAL NAME
Personal name Bittanti, Sergio Ed.
245 ## - TITLE STATEMENT
Title Software reliability modeling and identification. Vol 341
260 ## - PUBLICATION, DISTRIBUTION, ETC.
Name of publisher, distributor, etc. Springer
Place of publication, distribution, etc. Berlin
Date of publication, distribution, etc. 1988
300 ## - PHYSICAL DESCRIPTION
Extent 209
440 ## - SERIES STATEMENT/ADDED ENTRY--TITLE
Title Lecture Notes in Computer Science
650 ## - SUBJECT ADDED ENTRY--TOPICAL TERM
Topical term or geographic name entry element SOFTWARE RELIABILITY
Holdings
Withdrawn status Lost status Damaged status Not for loan Collection code Home library Current library Shelving location Date acquired Cost, normal purchase price Total Checkouts Full call number Barcode Date last seen Price effective from Koha item type
        Software Engineering Kerala University of Digital Sciences, Innovation and Technology Knowledge Centre Kerala University of Digital Sciences, Innovation and Technology Knowledge Centre Computer Science 18/03/2013 216.00   005 BIT/S 307 18/03/2013 18/03/2013 Books